शहीद (Record no. 108543)

MARC details
000 -LEADER
fixed length control field 00443nam a2200169Ia 4500
008 - FIXED-LENGTH DATA ELEMENTS--GENERAL INFORMATION
fixed length control field 090124s9999 xx 000 0 und d
082 ## - DEWEY DECIMAL CLASSIFICATION NUMBER
Item number 42373
100 ## - MAIN ENTRY--PERSONAL NAME
Personal name आनंद मुल्कराज
245 ## - TITLE STATEMENT
Title शहीद
250 ## - EDITION STATEMENT
Edition statement 0
300 ## - PHYSICAL DESCRIPTION
Extent 111
600 ## - SUBJECT ADDED ENTRY--PERSONAL NAME
Personal name आनंद मुल्कराज
630 ## - SUBJECT ADDED ENTRY--UNIFORM TITLE
Uniform title शहीद
700 ## - ADDED ENTRY--PERSONAL NAME
Personal name आनंद मुल्कराज
730 ## - ADDED ENTRY--UNIFORM TITLE
Uniform title शहीद
942 ## - ADDED ENTRY ELEMENTS (KOHA)
Koha item type Book
Holdings
Withdrawn status Lost status Damaged status Not for loan Home library Current library Date acquired Cost, normal purchase price Total Checkouts Full call number Barcode Date last seen Cost, replacement price Price effective from Koha item type
        Nagar Wachan Mandir, Thane Nagar Wachan Mandir, Thane   0.00   42373 THNNWM-42373 01/24/2009 0.00 01/24/2009 Book